Quizzes
Events
Quiz Creation
Community
Videos
Private Events
Remove Ads
Sign In
Join for FREE
Feedback
Dark Mode
Quiz Categories
Sports
Geography
Music
Movies
Television
Just For Fun
Miscellaneous
History
Literature
Language
Science
Gaming
Entertainment
Religion
Holiday
For Kids
Quiz Lab
Recent
Popular Today
Quiz Kudos Today
Editor Picks
Curator Picks
Quizzes by...
Day
Popularity
Type
Ratings
Length
Year
Community
Subscriptions
Recent Discussions
Orange Saloon
Badges
Playlists
Quests
Create
Leaderboards
Showdown
Live 5
Trivia Bingo
Activity
Puzzle Library
Sporcle Events
Private Events
Virtual Trivia
Globe League
Become a Host
Pub Owners
SporcleCon
Opinionation
Our Games
Videos
Blog
Mobile Apps
Partnerships
Remove Ads and Go Orange
Feedback
Sports
Athletes
MLB
NBA
NHL
NFL
Soccer
Sports Teams
WWE
NCAA
Football
Premier League
Basketball
Baseball
Hockey
Golf
Tennis
Cricket
Rugby
Auto Racing
Olympics
World Cup
Sports
Athletes
MLB
NBA
NHL
NFL
Soccer
Sports Teams
WWE
NCAA
Football
Premier League
Basketball
Baseball
Hockey
Golf
Tennis
Cricket
Rugby
Auto Racing
Olympics
World Cup
Random Quiz
Search Sporcle
×
Quiz Lab
Quiz Lab
Sports
MVP
Type in answers that appear in a list
Type in answers that appear in a list
Classic
Best Score? Go Orange.
Winners score & MVP of each superbowl Stats
Can you name the Winners score & MVP of each superbowl?
By
wildthing17
12m
90 Questions
51 Plays
51 Plays
51 Plays
Comments
Comments
Give Quiz Kudos
Give Quiz Kudos
-
- Ratings
hide this ad
Forced Order
Answers have to be entered in order
Answers have to be entered in order
Replay
Link that replays current quiz
Next Quiz
Link to next quiz in quiz playlist
You Got
0%
They Got
Avg Score
62%
Avg Friend Score
Upgrade to see
Score Distribution
Jump to the score distribution portion of the page
Score
0/90
Timer
12:00
0
Plays Today
TEAMS
% Correct
MVP
Bart Starr
88.2%
MVP
Joe Namath
82.4%
MVP
Bart Starr
78.4%
MVP
Len Dawson
74.5%
MVP
Aaron Rodgers
74.5%
MVP
Tom Brady
72.5%
MVP
Eli Manning
72.5%
MVP
Kurt Warner
70.6%
MVP
Ray Lewis
70.6%
MVP
Tom Brady
70.6%
MVP
Drew Brees
70.6%
MVP
Roger Staubach
68.6%
MVP
Joe Montana
68.6%
MVP
Joe Montana
68.6%
MVP
Troy Aikman
68.6%
MVP
John Elway
68.6%
MVP
Hines Ward
68.6%
MVP
Peyton Manning
68.6%
Green Bay vs. Kansas City
35
66.7%
MVP
Jerry Rice
66.7%
MVP
Joe Montana
66.7%
MVP
Emmitt Smith
66.7%
MVP
Steve Young
66.7%
MVP
Santonio Holmes
66.7%
MVP
Lynn Swann
64.7%
MVP
Terry Bradshaw
64.7%
MVP
Terry Bradshaw
64.7%
MVP
Marcus Allen
64.7%
MVP
Phil Simms
64.7%
MVP
Doug Williams
64.7%
TEAMS
% Correct
MVP
Terrell Davis
64.7%
MVP
Deion Branch
64.7%
New York Jets vs. Baltimore
16
62.7%
MVP
Franco Harris
62.7%
MVP
Jim Plunkett
62.7%
MVP
John Riggins
62.7%
MVP
Ottis Anderson
62.7%
MVP
Mark Rypien
62.7%
MVP
Larry Brown
62.7%
Baltimore Ravens vs. New York Giants
34
62.7%
New York Giants vs. New England
17
62.7%
Green Bay vs. Pittsburgh
31
62.7%
Baltimore vs. Dallas
16
60.8%
MVP
Chuck Howley
60.8%
Miami vs. Washington
14
60.8%
Chicago vs. New England
46
60.8%
MVP
Richard Dent
60.8%
Washington vs. Denver
42
60.8%
San Francisco vs. Denver
55
60.8%
Dallas vs. Buffalo
52
60.8%
MVP
Desmond Howard
60.8%
New England vs. St. Louis
20
60.8%
Tampa Bay vs. Oakland
48
60.8%
MVP
Dexter Jackson
60.8%
New England vs. Philadelphia
24
60.8%
Pittsburgh vs. Seattle
21
60.8%
Pittsburgh vs. Arizona
27
60.8%
MVP
Jake Scott
58.8%
Pittsburgh vs. Dallas
35
58.8%
San Francisco vs. Cincinnati
20
58.8%
TEAMS
% Correct
San Francisco vs. San Diego
49
58.8%
New England vs. Carolina
32
58.8%
Indianapolis vs. Chicago
29
58.8%
New Orleans vs. Indianapolis
31
58.8%
MVP
Larry Csonka
56.9%
Pittsburgh vs. Dallas
21
56.9%
Los Angeles Raiders vs. Washington
38
56.9%
San Francisco vs. Miami
38
56.9%
New York Giants vs. Denver
39
56.9%
New York Giants vs. Buffalo
20
56.9%
Washington vs. Buffalo
37
56.9%
Dallas vs. Buffalo
30
56.9%
Denver vs. Green Bay
31
56.9%
Denver vs. Atlanta
34
56.9%
St. Louis vs. Tennessee
23
56.9%
Green Bay vs. Oakland
33
54.9%
Pittsburgh vs. Minnesota
16
54.9%
Pittsburgh vs. Los Angeles Rams
31
54.9%
Oakland vs. Philadelphia
27
54.9%
San Francisco vs. Cincinnati
26
54.9%
Dallas vs. Pittsburgh
27
54.9%
Green Bay vs. New England
35
54.9%
Kansas City vs. Minnesota
23
52.9%
Dallas vs. Miami
24
52.9%
Miami vs. Minnesota
24
52.9%
MVP
Fred Biletnikoff
52.9%
Washington vs. Miami
27
52.9%
Oakland vs. Minnesota
32
51%
Dallas vs. Denver
27
51%
MVP
Harvey Martin\Randy White
49%
Quiz Playlist
Details
Report
Send in Message
Add To Playlist
Classic:
Type in answers that appear in a list
Forced Order:
Answers have to be entered in order
Last Updated: Feb 16, 2017
Quiz Scoreboard
CHALLENGE
Sign Up to Join the Scoreboard
Show All
Scores
Hide
Comments
May contain spoilers
Recently Published
Popular People in 1961
by mucciniale
History
6m
1-10 Letter E Words III
by El_Dandy
Language
2m
One Thing in Common: World Cities II
by knightlancer
Geography
7m
More to Explore
Quiz From the Vault
Featured Blog Post
Where Did the Easter Bunny Come From?
hide this ad
You Might Also Like...
Tags
MVP
score
Super Bowl
team
Winner
Today's Top Quizzes in Sports
Browse Sports
hide this ad
Today's Top Quizzes in MVP
Browse MVP
Top Contributed Quizzes in Sports
1
Les meilleurs buteurs des matchs entre le PSG et l’OM
2
Les entraîneurs de l'OM et du PSG au 21e siècle
3
FIFA Club World Cup Champions
4
2022 World Cup Stars
5
Name the Premier League winners with different clubs
6
La finale Lions - Afrique du Sud 2021
7
Criteria MLB: Left Handed Sluggers
8
Players with Multiple 50 Home Run Seasons
9
MLB Players with Two .350 Batting Average Seasons
10
MLB Hall of Famer by Rings
Explore More
Trending Topics
Anime
Kpop
Harry Potter
Crossword
Marvel
NBA
Disney
Soccer
The Office
Pokémon
WWE
NFL
Song
Country
Puzzle
hide this ad
More By:
wildthing17
Quiz
Plays
Rating
Category
Featured
Created
NFL teams with 6400 or more yards of offense in one season
616
2.80
Sports
Dec 29, 2011
1200+ yard receivers (All-Time)
105
4.00
Sports
Dec 31, 2011
80+ sacks in NFL career
66
3.00
Sports
Dec 31, 2011
Winners score & MVP of each superbowl
51
5.00
Sports
Dec 31, 2011
(1960-2010) 6000+ yard offenses NFL\AFL
28
5.00
Sports
Dec 30, 2011
Go to Creator's Profile
Score Distribution
Quiz Creator Spotlight
wildthing17
Follow
Send a Message
Quizzes Created
-
Created Quiz Play Count
-
More By This Creator
Popular Quizzes Today
1
Find the US States - No Outlines Minefield
2
Find the Countries of Europe - No Outlines Minefield
3
The Countries of the World
4
Popular People in 1961
5
1-10 Letter E Words III
6
Find the US States
7
One Thing in Common: World Cities II
8
US States
More Sports Quizzes
NFL Quarterback by Picture (2011)
Published
Trending Quizzes
Risky Map Clicking: Least Populous States A-Z
1-10 Letter F Words
1-10 Letter G Words
One Thing in Common: United Kingdom
Risky Map Clicking: Next State Alphabetically
Recently Updated
Leaping Animals
pecheneg
Reality TV Shows (A-Z)
bhenderson79
Rickey Henderson's Hall of Fame Teammates
pecheneg
Champions League XIs: Arsenal
pecheneg
Quick Pick: Celebrities in WWE's Hall of Fame
aduchscher
A-Z Keypad Blitz II
pecheneg
Multiple Oscar Actors
pecheneg
Mystery Phrase Blitz: Oscar 'Best Actors'
pecheneg
F. Scott Fitzgerald Novels
LTH
Pick 3 Villains
ddd62291
Trending Topics
Harry Potter
Crossword
Anime
Kpop
NBA
Disney
Marvel
Song
Soccer
The Office
WWE
Puzzle
Pokémon
NFL
Country
Your Account Isn't Verified!
In order to create a playlist on Sporcle, you need to verify the email address you used during registration. Go to your
Sporcle Settings
to finish the process.
Report this User
Report this user for behavior that violates our
Community Guidelines
.
Details:
Send Report
Go to the Sporcle.com Mobile Site →
Comments